000 00676pam a2200229 i 4500
001 2235258
005 20250529141350.0
008 760929s1977 njua b 001 0 eng
020 _a013227132X :
_c$15.95
050 0 0 _aHB135
_b.B38 1977
082 0 0 _a330/.01/84
100 1 _aBaumol, William J.
245 1 0 _aEconomic theory and operations analysis /
_cWilliam J. Baumol.
250 _a4th ed.
260 _aEnglewood Cliffs, N.J. :
_bPrentice-Hall,
_cc1977.
300 _axxi, 695 p. :
_bill. ;
_c24 cm.
650 0 _aMicroeconomics.
650 0 _aEconomics, Mathematical.
650 0 _aOperations research.
650 0 _aMathematical analysis.
942 _2lcc
_cBK
_n0
999 _c6032
_d6032